| 000 | 00578nam a22001817a 4500 | ||
|---|---|---|---|
| 005 | 20250326142714.0 | ||
| 008 | 250326b |||||||| |||| 00| 0 eng d | ||
| 020 | _a9781847206107 | ||
| 041 | _aEng. | ||
| 082 | _a658.4092 HEU | ||
| 100 | _aHeuvelhof, Ernst Ten | ||
| 245 | _aStrategic Behaviour in Network Industries: A Multidisciplinary Approach | ||
| 260 |
_aUK _bEdward Elgar Publishing Ltd _c2009 |
||
| 300 | _a214;. P. 23 cm | ||
| 650 | _aBusiness Strategy; Leadership; e-Commerce;e-Business; Marketing | ||
| 700 | _aJong, Martin De and Kars, Mirjam | ||
| 942 | _cBK | ||
| 999 |
_c43412 _d43412 |
||